Harry Potter: les Boutefeu Chinois - Statistiques

Statistiques générales
  • Ce quiz a été pris 43 fois
  • Le résultat moyen est 5 sur 6
Statistiques - réponses
Information Réponses % Correct
Espèce Dragon
100%
Première apparition Harry Potter et la Coupe de Feu
100%
Dernière apparition Harry Potter et la Coupe de Feu
100%
Statut Animal
84%
Pays d'Origine Chine
81%
Description Museau écrasé entouré de pointes d'or
13%
Aucun quiz correspondant
Distribution des résultats
% des personnes avec chaque résultat
Percentile par nombre de réponses
Votre historique - résultats
Vous n’avez pas pris ce quiz